Największe miasta II RP - Statystyki

Ogólne statystyki
  • Ten quiz został rozwiązany 348 razy
  • Średni wynik to 19 z 30
Statystyki odpowiedzi
Liczba mieszkańców Odpowiedź % Poprawnych
1 178 914 Warszawa
100%
221 260 Kraków
99%
316 177 Lwów
99%
605 467 Łódź
97%
246 698 Poznań
96%
196 383 Wilno
96%
127 044 Katowice
92%
91 335 Białystok
87%
112 539 Lublin
87%
117 528 Bydgoszcz
85%
54 280 Toruń
84%
58 397 Kielce
81%
78 073 Radom
76%
49 932 Grodno
75%
48 431 Brześć nad Bugiem
72%
117 588 Częstochowa
71%
109 454 Sosnowiec
66%
60 256 Stanisławów
65%
45 235 Tarnów
61%
55 125 Kalisz
57%
80 734 Królewska Huta
52%
51 379 Przemyśl
52%
50 405 Grudziądz
37%
56 277 Włocławek
37%
51 294 Piotrków
35%
40 788 Równe
35%
45 614 Pabianice
16%
38 088 Tomaszów Mazowiecki
15%
47 835 Będzin
14%
41 683 Borysław
10%
Nie znaleziono quizów pasujących do podanych kryteriów
Rozkład punktacji
Procent ludzi z każdym wynikiem
Percentyl według liczby udzielonych odpowiedzi
Twoja historia wyników
Nie rozwiązałeś tego quizu